Corporate responsibility (Registro nro. 165164)

Detalles MARC
000 -ENCABEZADO
Número de control [NR] 00933nam a22002417a 4500
008 - DE LONGITUD FIJA DE DATOS DE ELEMENTOS - INFORMACIÓN GENERAL
Elementos de longitud fija [NR] 130821s2011 enka gr eng
020 ## - NUMERO INTERNACIONAL NORMALIZADO PARA LIBROS [R]
Número Internacional Normalizado del libro [NR] 9780199581078
040 ## - FUENTE DE CATALOGACION [NR]
Agencia de catalogación original [NR] CO-BoUCM
Idioma de catalogación [NR] spa
Quien Cataloga
Quien Clasifica Aldemar Mondragón
041 00 - CODIGO DE IDIOMA [R]
Código de idioma para texto/pista de sonido o título separado [R] Inglés
100 1# - ASIENTO PRINCIPAL--NOMBRE PERSONAL [NR]
Nombre personal [NR] Blowfield, Michael
ID Autoridad 33423
245 10 - MENCION DE TITULO [NR]
Título [NR] Corporate responsibility
Mención de responsabilidad, etc. [NR] Michael Blowfield, Alan Murray
250 ## - MENCION DE EDICION [NR]
Mención de edición [NR] 2nd ed
260 ## - PUBLICACION, DISTRIBUCION, ETC. (PIE DE IMPRENTA) [R]
Lugar de publicación, distribución, etc. [R] Oxford (Oxfordshire, Inglaterra)
Nombre del editor, distribuidor, etc. [R] Oxford University Press
Fecha de publicación, distribución, etc. [R] 2011
300 ## - DESCRIPCION FISICA [R]
Extensión [R] xxi, 431 páginas
Otros detalles físicos [NR] ilustraciones, gráficas
504 ## - NOTA DE BIBLIOGRAFIA, ETC. [R]
Nota de bibliografía, etc. [NR] Incluye referencias bibliográficas e índices
650 #7 - ASIENTO SECUNDARIO DE MATERIA - TERMINO TEMATICO [R]
Término temático o nombre geográfico como elemento de entrada [NR] Desarrollo sostenible
Fuente del encabezamiento o término [NR] LEMB
9 (RLIN) 33424
650 #7 - ASIENTO SECUNDARIO DE MATERIA - TERMINO TEMATICO [R]
Término temático o nombre geográfico como elemento de entrada [NR] Ética en los negocios
9 (RLIN) 33425
650 #7 - ASIENTO SECUNDARIO DE MATERIA - TERMINO TEMATICO [R]
Término temático o nombre geográfico como elemento de entrada [NR] Responsabilidad social en los negocios
Fuente del encabezamiento o término [NR] LEMB
9 (RLIN) 23695
690 ## - ASUNTO AGREGADO LOCAL DE ENTRADA - TÉRMINO TEMÁTICO (OCLC, RLIN)
Acceso temático local Administración de empresas
700 1# - ASIENTO SECUNDARIO - NOMBRE PERSONAL [R]
Nombre personal [NR] Murray, Alan
9 (RLIN) 33426
942 ## - ELEMENTOS DE ENTRADA AGREGADOS (KOHA)
Tipo de ítem principal el descrito en 300a Libro
Tema principal Administración
Edición 2
Parte restante de la signatura top. B657c
Sistema de clasificación DEWEY
Clasificación 658.408
Existencias
Signatura topográfica Código de barras Última vez visto Volúmen / Fascículo Ejemplar Costo de reposición Price effective from Tipo de ítem Perdido Sistema de clasificación Dañado No prestable Tipo de ítem específico Suprimido Ubicación habitual Ubicación actual Localización Fecha de creación Proveedor Forma de adquisición Costo
658.408 B657c 100132516 04/12/2024 2a. Ed. Ej.1 105394.00 12/03/2013 Libro   DEWEY     Libro   Bodega Bodega 5to piso 12/03/2013 15 Compra 107000.00